LDR 00776nam a2200193 4500 001 000000367286 003 CaOOAMICUS 005 20260417102534.0 008 260417s1864 it 000 u ita r 040 $aSeMil$bita 245 00$aLettera di un vescovo italiano al clero d'Italia. 264 1$aTorino :$bMarietti,$c1864. 300 $a47 p. ;$c19 cm 650 4$aChiesa cattolica - Clero - Italia - Storia - Sec. 19.-20.$0(OLS)http://semarc/subject/13410 850 $aSeMil 852 $aSeMil$W1$xVenegono$y1$m5D VIII 1/11$j270362$B258000$CSeMilBibl$Z2$F258000 $8I 996 $6245$aLettera di un vescovo italiano al clero d'Italia$9(OLS)http://semarc/title/459190 996 $6264$aTorino :$bMarietti$9(OLS)http://semarc/publisher/29916